KOHA-Header-6

Equities, Fixed Income Securities and Derivatives (Record no. 13108)

000 -LEADER
fixed length control field 00406nam a2200157Ia 4500
003 - CONTROL NUMBER IDENTIFIER
control field MAJU-Karachi
005 - DATE AND TIME OF LATEST TRANSACTION
control field 20210527101611.0
008 - FIXED-LENGTH DATA ELEMENTS--GENERAL INFORMATION
fixed length control field 190802s9999 xx 000 0 und d
020 ## - INTERNATIONAL STANDARD BOOK NUMBER
International Standard Book Number 978-1-4886-2388-2
040 ## - CATALOGING SOURCE
Transcribing agency DLC
100 ## - MAIN ENTRY--PERSONAL NAME
Personal name Dr. Dionigi Gerace
245 #0 - TITLE STATEMENT
Title Equities, Fixed Income Securities and Derivatives
260 ## - PUBLICATION, DISTRIBUTION, ETC. (IMPRINT)
Place of publication, distribution, etc Melbourne
Name of publisher, distributor, etc Pearson
Date of publication, distribution, etc 2018
300 ## - PHYSICAL DESCRIPTION
Extent 557:p
942 ## - ADDED ENTRY ELEMENTS (KOHA)
Koha item type Law
Source of classification or shelving scheme
Holdings
Withdrawn status Lost status Source of classification or shelving scheme Damaged status Not for loan Collection code Permanent Location Current Location Shelving location Date acquired Full call number Barcode Date last seen Price effective from Koha item type
          Law MAJU MAJU Shelf No.A46 2021-05-27 332.632 10214 2021-05-27 2021-05-27 Law

Powered by Koha